| 000 | 00378nam a2200145Ia 4500 | ||
|---|---|---|---|
| 008 | 230917s9999||||xx |||||||||||||| ||und|| | ||
| 040 |
_e34701 _aMAIN |
||
| 041 | _aEnglish | ||
| 082 | _a931 L821C | ||
| 100 | _aLoewe, Michael | ||
| 245 | 0 | _aCrisis and conflict in her China: 104 BC to AD9 | |
| 260 |
_aLondon _bGeorge Allen and Unwin _c1974 |
||
| 300 | _a340 p. | ||
| 942 | _cBK | ||
| 999 |
_c220010 _d220010 |
||